| 000 | 00704nam a2200217Ia 4500 | ||
|---|---|---|---|
| 003 | OSt | ||
| 005 | 20250130094930.0 | ||
| 008 | 210210b1974 xxu||||| |||| 00| 0 eng d | ||
| 040 | _cAL | ||
| 041 | _aKannada | ||
| 082 | _aK894.9 SHIS | ||
| 100 |
_aSHIVARUDRAPPA (G S),Ed. _9134070 _d ಶಿವರುದ್ರಪ್ಪ (ಜಿ ಎಸ್) |
||
| 245 |
_aSamagra kannada sahitya charitre.S1. _bಸಮಗ್ರ ಕನ್ನಡ ಸಾಹಿತ್ಯ ಚರಿತ್ರೆ: ಸಂಪುಟ ೧ |
||
| 260 |
_aBengaluru _bVishvavidyalaya _c1974 |
||
| 300 | _ax,169 | ||
| 440 |
_a1 _9134071 |
||
| 650 |
_aKavirajamarga _9134072 |
||
| 690 |
_aKannada Criticism _9134073 |
||
| 906 | _aSG01671 | ||
| 942 |
_2ddc _cBK |
||
| 999 |
_c112864 _d112864 |
||